Cartoon Characters By Driving GIF Quiz Stats

Quiz Updated Oct 10, 2015

Challenge
Share
Tweet
Score 0/25 Timer 08:00
0 Plays Today
% Correct
Homer Simpson, Marge Simpson, and Hans Moleman (The Simpsons)
99.5%
Mario (Mario Kart)
98.1%
Batman and Robin (Super Friends)
97.3%
Fred, Wilma, Dino, and Baby Puss Flintstone (The Flintstones)
96.4%
Snoopy as the World War I Flying Ace (It's the Great Pumpkin, Charlie Brown)
95.7%
Fred, Daphne, Velma, and Shaggy (Scooby-Doo, Where Are You!)
95.6%
Peter and Stewie Griffin (Family Guy)
95%
Mickey Mouse (Disney short: Steamboat Willie)
94.7%
Patrick Star (SpongeBob SquarePants)
94.6%
Spider-Man (Spider-Man)
90.5%
Donald Duck, Chip, and Dale (Disney short: 'Crazy over Daisy')
90.4%
Mr. Incredible (The Incredibles)
89.8%
Daffy Duck and Porky Pig (Merrie Melodies short: 'Rocket Squad'--short)
89.6%
% Correct
Cruella De Vil (One Hundred and One Dalmatians)
88.2%
Chuckie Finster and Tommy Pickles (Rugrats)
87.9%
Bender Bending Rodriguez and Professor Hubert J Farnsworth (Futurama)
86.4%
George and Jane Jetson (The Jetsons)
85.1%
April O'Neil and Michelangelo (Teenage Mutant Ninja Turtles)
84.3%
Veronica Crabtree, Bebe, and Red (and others) (South Park)
84.2%
Eddie Valiant, Roger Rabbit, and Benny the Cab (Who Framed Roger Rabbit?)
81.5%
Woody Woodpecker (Short: 'The Reckless Driver')
78.6%
Wile E. Coyote (Looney Tunes short: 'Gee Whiz-z-z-z-z-z-z')
78.1%
Green Lantern and Brainiac (Challenge of the Super Friends)
71.5%
Aquaman (Batman: The Brave and the Bold)
69.8%
Speed Racer (Speed Racer)
60.2%

You're not logged in!

Compare scores with friends on all Sporcle quizzes.
Sign Up with Email
OR
Log In

You Might Also Like...

Show Comments

Extras

Top Quizzes Today


Score Distribution

Your Account Isn't Verified!

In order to create a playlist on Sporcle, you need to verify the email address you used during registration. Go to your Sporcle Settings to finish the process.